Intervention and reflection : (Record no. 16208)

000 -LEADER
fixed length control field 01260cam a22003014a 4500
001 - CONTROL NUMBER
control field 14631599
005 - DATE AND TIME OF LATEST TRANSACTION
control field 20161109094623.0
008 - FIXED-LENGTH DATA ELEMENTS--GENERAL INFORMATION
fixed length control field 061113s2008 cau b 000 0 eng
010 ## - LIBRARY OF CONGRESS CONTROL NUMBER
LC control number 2006938500
020 ## - INTERNATIONAL STANDARD BOOK NUMBER
International Standard Book Number 9780495095026
020 ## - INTERNATIONAL STANDARD BOOK NUMBER
International Standard Book Number 0495095028
040 ## - CATALOGING SOURCE
Original cataloging agency DLC
Transcribing agency DLC
Modifying agency DLC
050 00 - LIBRARY OF CONGRESS CALL NUMBER
Classification number R724 .I57 2008
082 00 - DEWEY DECIMAL CLASSIFICATION NUMBER
Classification number 174.2
Edition number 22
245 00 - TITLE STATEMENT
Title Intervention and reflection :
Remainder of title basic issues in medical ethics /
Statement of responsibility, etc. [edited by] Ronald Munson.
250 ## - EDITION STATEMENT
Edition statement 8th ed.
260 ## - PUBLICATION, DISTRIBUTION, ETC. (IMPRINT)
Place of publication, distribution, etc. Belmont, CA :
Name of publisher, distributor, etc. Thomson Wadsworth,
Date of publication, distribution, etc. c2008.
300 ## - PHYSICAL DESCRIPTION
Extent xxiii, 791 p. ;
Dimensions 24 cm.
504 ## - BIBLIOGRAPHY, ETC. NOTE
Bibliography, etc Includes bibliographical references.
650 #0 - SUBJECT ADDED ENTRY--TOPICAL TERM
Topical term or geographic name as entry element Medical ethics.
700 1# - ADDED ENTRY--PERSONAL NAME
Personal name Munson, Ronald,
Dates associated with a name 1939-
856 41 - ELECTRONIC LOCATION AND ACCESS
Materials specified Table of contents only
Uniform Resource Identifier <a href="http://www.loc.gov/catdir/toc/fy0714/2006938500.html">http://www.loc.gov/catdir/toc/fy0714/2006938500.html</a>
856 42 - ELECTRONIC LOCATION AND ACCESS
Materials specified Publisher description
Uniform Resource Identifier <a href="http://www.loc.gov/catdir/enhancements/fy1215/2006938500-d.html">http://www.loc.gov/catdir/enhancements/fy1215/2006938500-d.html</a>
856 42 - ELECTRONIC LOCATION AND ACCESS
Materials specified Contributor biographical information
Uniform Resource Identifier <a href="http://www.loc.gov/catdir/enhancements/fy1513/2006938500-b.html">http://www.loc.gov/catdir/enhancements/fy1513/2006938500-b.html</a>
906 ## - LOCAL DATA ELEMENT F, LDF (RLIN)
a 7
b cbc
c orignew
d 2
e epcn
f 20
g y-gencatlg
942 ## - ADDED ENTRY ELEMENTS (KOHA)
Source of classification or shelving scheme
Koha item type Hard Covered Materials
Classification part R724 .I57 2008
Holdings
Withdrawn status Lost status Source of classification or shelving scheme Damaged status Not for loan Home library Current library Shelving location Date acquired Source of acquisition Total Checkouts Full call number Barcode Date last seen Price effective from Koha item type
          MACHAKOS UNIVERSITY LIBRARY MACHAKOS UNIVERSITY LIBRARY Open shelf 09/11/2016 Donation (BFA)   R724 .I57 2008 27421 09/11/2016 09/11/2016 Hard Covered Materials
© Machakos University Library, Along The Highway, Machakos Wote Rd, Machakos, Kenya P.O. Box 136 - 90100 Machakos - Kenya

Tel: ( +254 ) 723 805829 OR Fax : 044-20353 OR Email: library@mksu.ac.ke